[Event "London Classic op U2050-B 11th"]
[Site "London"]
[Date "2019.12.03"]
[Round "2"]
[White "O'Shea, Colm"]
[Black "Matei, Ciprian"]
[Result "1/2-1/2"]
[WhiteElo "1689"]
[BlackElo "1913"]
[PlyCount "78"]
[EventDate "2019.12.02"]
[EventType "swiss"]
[EventRounds "5"]
[EventCountry "ENG"]
[SourceTitle "CBM 195 Extra"]
[Source "ChessBase"]
[SourceDate "2020.05.31"]
[SourceVersion "1"]
[SourceVersionDate "2020.05.31"]
[SourceQuality "1"]

1. e4 d5 2. exd5 Qxd5 3. Nf3 Nf6 4. d4 e6 5. Be2 Bb4+ 6. c3 Be7 7. 0-0 0-0 8. c4 Qd8 9. Nc3 b6 10. Ne5 Bb7 11. Bf3 Qc8 12. Bxb7 Qxb7 13. Qe2 c5 14. Rd1 cxd4 15. Rxd4 Nbd7 16. Bf4 Nxe5 17. Bxe5 Rad8 18. Rad1 Rxd4 19. Rxd4 a6 20. Qd3 Qc8 21. b3 Qc5 22. Bd6 Bxd6 23. Rxd6 b5 24. cxb5 axb5 25. Rd8 b4 26. Rxf8+ Kxf8 27. Ne2 Nd5 28. g3 g6 29. Kf1 Nc3 30. Nxc3 bxc3 31. Qc2 Qb5+ 32. Ke1 Qe5+ 33. Kf1 Qd4 34. a4 Ke7 35. Ke2 e5 36. Qd3 Qg4+ 37. Ke1 Qd4 38. Ke2 Qg4+ 39. Ke1 Qd4 1/2-1/2

[Event "London CSC Weekend U2050 op 10th"]
[Site "London"]
[Date "2018.12.14"]
[Round "1"]
[White "Patel, Rishi"]
[Black "Matei, Ciprian"]
[Result "1-0"]
[WhiteElo "1701"]
[BlackElo "1912"]
[PlyCount "91"]
[EventDate "2018.12.14"]
[EventType "swiss"]
[EventRounds "5"]
[EventCountry "ENG"]
[SourceTitle "EXT 2020"]
[Source "ChessBase"]
[SourceDate "2019.10.17"]
[SourceVersion "1"]
[SourceVersionDate "2019.10.17"]
[SourceQuality "1"]

1. e4 d5 2. exd5 Qxd5 3. Nc3 Qa5 4. d4 Nf6 5. Nf3 c6 6. Ne5 Bf5 7. g4 Be4 8. f3 Bd5 9. Bd2 Qb6 10. Nxd5 cxd5 11. Bc3 e6 12. Qd2 Bd6 13. 0-0-0 a5 14. a4 Bxe5 15. dxe5 Nfd7 16. f4 Nc6 17. Bb5 Qc5 18. f5 Na7 19. Bd4 Qc7 20. Bxa7 Rxa7 21. Qe3 b6 22. Rhe1 Qc5 23. Qg5 Rc7 24. Rd2 Qf8 25. Kb1 h6 26. Qh4 Qe7 27. f6 g5 28. Qh3 Qb4 29. Red1 Kd8 30. Rd4 Qc5 31. Qg2 Kc8 32. c4 Nxe5 33. cxd5 Kb8 34. d6 Rcc8 35. Ba6 Qc6 36. Qe2 Nd7 37. Rc4 Nc5 38. Bxc8 Rxc8 39. d7 Rd8 40. Qe5+ Kb7 41. Rd6 Qc7 42. b4 axb4 43. a5 Rxd7 44. Rxb6+ Ka7 45. Qxc5 Rd1+ 46. Kc2 1-0

[Event "London CSC 5-Day U2050 op 10th"]
[Site "London"]
[Date "2018.12.13"]
[Round "5"]
[White "Matei, Ciprian"]
[Black "Livesey, R Nigel"]
[Result "1-0"]
[WhiteElo "1912"]
[BlackElo "1775"]
[PlyCount "81"]
[EventDate "2018.12.09"]
[EventType "swiss"]
[EventRounds "5"]
[EventCountry "ENG"]
[SourceTitle "EXT 2020"]
[Source "ChessBase"]
[SourceDate "2019.10.17"]
[SourceVersion "1"]
[SourceVersionDate "2019.10.17"]
[SourceQuality "1"]

1. d4 e6 2. Nf3 f5 3. Nc3 d5 4. Bf4 Nf6 5. h3 c6 6. e3 Be7 7. Bd3 Ne4 8. Bxe4 fxe4 9. Ne5 0-0 10. Qg4 Bd6 11. f3 exf3 12. gxf3 Qf6 13. Rg1 Be7 14. Bg5 Qxg5 15. Qxg5 Bxg5 16. Rxg5 Nd7 17. f4 Nxe5 18. fxe5 Bd7 19. Ke2 Rf7 20. Rag1 Raf8 21. Kd3 b6 22. Ne2 c5 23. Nf4 cxd4 24. Kxd4 g6 25. Nh5 Rc8 26. Nf6+ Kh8 27. b3 Rxc2 28. h4 Bb5 29. h5 Rfc7 30. e4 Rd2+ 31. Ke3 Re2+ 32. Kf4 Rc3 33. R5g2 g5+ 34. Kxg5 Rxg2+ 35. Rxg2 Kg7 36. h6+ Kf7 37. Kf4 d4 38. Rg7+ Kf8 39. Nxh7+ Ke8 40. Nf6+ Kf8 41. Rg8+ 1-0

[Event "London CSC 5-Day U2050 op 10th"]
[Site "London"]
[Date "2018.12.11"]
[Round "3"]
[White "Matei, Ciprian"]
[Black "Brown, David1111"]
[Result "1-0"]
[WhiteElo "1912"]
[BlackElo "1756"]
[PlyCount "55"]
[EventDate "2018.12.09"]
[EventType "swiss"]
[EventRounds "5"]
[EventCountry "ENG"]
[SourceTitle "EXT 2020"]
[Source "ChessBase"]
[SourceDate "2019.10.17"]
[SourceVersion "1"]
[SourceVersionDate "2019.10.17"]
[SourceQuality "1"]

1. d4 Nf6 2. Nf3 g6 3. Bf4 Bg7 4. e3 0-0 5. Bd3 d6 6. h3 c5 7. c3 cxd4 8. exd4 Bd7 9. 0-0 Nc6 10. Re1 Re8 11. Nbd2 d5 12. Ne5 a6 13. Ndf3 Nh5 14. Bh2 Bxe5 15. Nxe5 Nxe5 16. Rxe5 Nf6 17. Qe2 Be6 18. Re1 Qb6 19. f4 Ne4 20. Bxe4 dxe4 21. Rxe4 Bxa2 22. f5 Qf6 23. fxg6 fxg6 24. Be5 Qc6 25. Qe3 e6 26. Qh6 Qd7 27. Rg4 Re7 28. Rxg6+ 1-0

[Event "Miercurea Ciuc Bancpost op 20th"]
[Site "Miercurea Ciuc"]
[Date "2017.08.20"]
[Round "4"]
[White "Voda, Costel"]
[Black "Matei, Ciprian"]
[Result "1-0"]
[WhiteElo "1946"]
[BlackElo "1866"]
[PlyCount "87"]
[EventDate "2017.08.17"]
[EventType "swiss"]
[EventRounds "9"]
[EventCountry "ROU"]
[SourceTitle "EXT 2020"]
[Source "ChessBase"]
[SourceDate "2019.10.17"]
[SourceVersion "1"]
[SourceVersionDate "2019.10.17"]
[SourceQuality "1"]

1. e4 d5 2. exd5 Qxd5 3. Nc3 Qa5 4. d4 Nf6 5. Nf3 c6 6. Bd3 Bg4 7. h3 Bh5 8. g4 Bg6 9. Ne5 Nbd7 10. f4 Bxd3 11. Qxd3 Nxe5 12. fxe5 Nd5 13. Bd2 Nxc3 14. bxc3 e6 15. Rf1 Rd8 16. Rb1 Rd7 17. c4 Qd8 18. Qf3 g6 19. a4 Qh4+ 20. Ke2 h5 21. c3 Qe7 22. g5 Bg7 23. c5 0-0 24. a5 a6 25. Qe4 Qd8 26. Rb6 Re8 27. Rfb1 Ree7 28. h4 Kh7 29. Be3 Rc7 30. c4 Red7 31. R1b2 Bf8 32. Qb1 Qc8 33. Kf3 Bg7 34. Rxa6 bxa6 35. Rb8 Rb7 36. Rxc8 Rxb1 37. Rxc6 Rbb7 38. Rb6 Ra7 39. Ke4 Bf8 40. c6 Rd8 41. d5 Kg8 42. d6 Bxd6 43. exd6 Rxd6 44. Rb8+ 1-0

[Event "Miercurea Ciuc Bancpost op 20th"]
[Site "Miercurea Ciuc"]
[Date "2017.08.18"]
[Round "2"]
[White "Matei, Ciprian"]
[Black "Fola, Marcel Dan"]
[Result "1/2-1/2"]
[WhiteElo "1866"]
[BlackElo "1638"]
[PlyCount "36"]
[EventDate "2017.08.17"]
[EventType "swiss"]
[EventRounds "9"]
[EventCountry "ROU"]
[SourceTitle "EXT 2020"]
[Source "ChessBase"]
[SourceDate "2019.10.17"]
[SourceVersion "1"]
[SourceVersionDate "2019.10.17"]
[SourceQuality "1"]

1. d4 e6 2. c4 d5 3. Nc3 Nf6 4. Nf3 Bb4 5. a3 Bxc3+ 6. bxc3 dxc4 7. Bg5 h6 8. Bxf6 Qxf6 9. e4 b6 10. Bxc4 Bb7 11. Qe2 0-0 12. 0-0 Nd7 13. a4 c5 14. a5 Qe7 15. a6 Bc8 16. d5 Nf6 17. dxe6 Bxe6 18. Bxe6 Qxe6 1/2-1/2

[Event "Miercurea Ciuc Bancpost op 20th"]
[Site "Miercurea Ciuc"]
[Date "2017.08.17"]
[Round "1"]
[White "Cosma, Ioan"]
[Black "Matei, Ciprian"]
[Result "1-0"]
[WhiteElo "2400"]
[BlackElo "1866"]
[PlyCount "69"]
[EventDate "2017.08.17"]
[EventType "swiss"]
[EventRounds "9"]
[EventCountry "ROU"]
[SourceTitle "EXT 2020"]
[Source "ChessBase"]
[SourceDate "2019.10.17"]
[SourceVersion "1"]
[SourceVersionDate "2019.10.17"]
[SourceQuality "1"]

1. d4 d5 2. c4 c6 3. Nf3 Nf6 4. Nc3 e6 5. e3 Bd6 6. Bd3 dxc4 7. Bxc4 0-0 8. e4 Bb4 9. e5 Nd5 10. Bd2 Nxc3 11. bxc3 Be7 12. h4 c5 13. dxc5 Nd7 14. Qc2 Qc7 15. Qe4 Nxc5 16. Qg4 Rd8 17. h5 Bf8 18. 0-0 Bd7 19. Rfe1 Bc6 20. Nd4 Bd5 21. Bf1 a6 22. Bg5 Rd7 23. Re3 Kh8 24. Rae1 b5 25. Rg3 g6 26. Bf6+ Bg7 27. Qf4 Kg8 28. Bxg7 Kxg7 29. Qf6+ Kg8 30. h6 Kf8 31. Qh8+ Ke7 32. Qxh7 Rdd8 33. Rxg6 Rh8 34. Qxf7+ Kxf7 35. Rg7+ 1-0

[Event "London Golders Green op U1900 5th"]
[Site "London"]
[Date "2015.01.18"]
[Round "4"]
[White "Matei, Ciprian"]
[Black "Sartain, Patrick"]
[Result "1-0"]
[WhiteElo "1863"]
[BlackElo "1630"]
[PlyCount "72"]
[EventDate "2015.01.17"]
[EventType "swiss"]
[EventRounds "5"]
[EventCountry "ENG"]
[SourceTitle "EXT 2018"]
[Source "ChessBase"]
[SourceDate "2017.10.13"]
[SourceVersion "1"]
[SourceVersionDate "2017.10.13"]
[SourceQuality "1"]

1. d4 Nf6 2. c4 e6 3. Nc3 Be7 4. Nf3 d6 5. e4 h6 6. Bd3 Bd7 7. 0-0 g5 8. e5 Nh7 9. Re1 f5 10. exf6 Nxf6 11. Bg6+ Kf8 12. Bxg5 hxg5 13. Nxg5 Rh6 14. Qd3 Ng8 15. Nf7 Qc8 16. Nxh6 Nxh6 17. Qh3 Bg5 18. f4 e5 19. f5 Nc6 20. Ne4 Qd8 21. Qh5 Bxf5 22. Nxg5 Ke7 23. Qxh6 Bxg6 24. Qxg6 Qg8 25. Qxg8 Rxg8 26. Nf3 Kf6 27. dxe5+ dxe5 28. Rad1 Rg4 29. b3 e4 30. h3 Rf4 31. Nd4 Ne5 32. g3 Nf3+ 33. Nxf3 Rxf3 34. Rf1 Rxf1+ 35. Rxf1+ Ke5 36. Kf2 c5 1-0

[Event "Miercurea Ciuc Banc Post op 14th"]
[Site "Miercurea Ciuc"]
[Date "2011.08.14"]
[Round "3"]
[White "Mihaly, Zsolt"]
[Black "Matei, Ciprian"]
[Result "1/2-1/2"]
[WhiteElo "1638"]
[BlackElo "1827"]
[PlyCount "63"]
[EventDate "2011.08.12"]
[EventType "swiss"]
[EventRounds "9"]
[EventCountry "ROU"]
[SourceTitle "CBM 144 Extra"]
[Source "ChessBase"]
[SourceDate "2011.10.28"]
[SourceVersion "1"]
[SourceVersionDate "2011.10.28"]
[SourceQuality "1"]

1. e4 d5 2. exd5 Qxd5 3. Nc3 Qa5 4. Nf3 Bg4 5. Be2 Nf6 6. 0-0 e6 7. d4 c6 8. Bf4 Be7 9. Ne5 Bxe2 10. Qxe2 0-0 11. Ne4 Qd8 12. c3 Nbd7 13. Nxd7 Nxd7 14. Rad1 Nf6 15. Nxf6+ Bxf6 16. Be5 g6 17. Rfe1 a5 18. Bxf6 Qxf6 19. Qe5 Qf5 20. Qxf5 gxf5 21. f4 a4 22. a3 Rfd8 23. Re5 Rac8 24. Ra5 b5 25. c4 Rb8 26. c5 Rb7 27. Kf2 Kf8 28. Ra6 Rc7 29. Ke3 Ke7 30. Rd3 f6 31. Ke2 Kf7 32. Rh3 1/2-1/2

[Event "Miercurea Ciuc Banc Post op 10th"]
[Site "Miercurea Ciuc"]
[Date "2007.08.19"]
[Round "2"]
[White "Matei, Ciprian"]
[Black "Kelemen Feher, Balint"]
[Result "0-1"]
[WhiteElo "515"]
[BlackElo "2076"]
[PlyCount "68"]
[EventDate "2007.08.19"]
[EventType "swiss"]
[EventRounds "9"]
[EventCountry "ROU"]
[SourceTitle "EXT 2010"]
[Source "ChessBase"]
[SourceDate "2010.11.25"]
[SourceVersion "1"]
[SourceVersionDate "2010.11.25"]
[SourceQuality "1"]

1. d4 Nf6 2. c4 c5 3. d5 b5 4. cxb5 a6 5. bxa6 Bxa6 6. Nc3 d6 7. e4 Bxf1 8. Kxf1 g6 9. Nf3 Nbd7 10. g3 Bg7 11. Kg2 0-0 12. h3 Qc7 13. Re1 Rfb8 14. Qc2 Nb6 15. Bf4 Nc4 16. b3 Na3 17. Qd2 Nd7 18. Rac1 Rb4 19. Bh6 Bh8 20. Bf4 Ra5 21. h4 Qb8 22. Qe2 c4 23. e5 cxb3 24. e6 Ne5 25. Nxe5 Bxe5 26. exf7+ Kxf7 27. Qg4 Rxf4 28. Qe6+ Kf8 29. gxf4 b2 30. Rcd1 Bxc3 31. Qxe7+ Kg8 32. Qe6+ Kh8 33. f5 gxf5 34. Qf7 Qg8+ 0-1

[Event "Miercurea Ciuc Banc Post op 10th"]
[Site "Miercurea Ciuc"]
[Date "2007.08.19"]
[Round "7"]
[White "Matei, Ciprian"]
[Black "Szakats, Stefan"]
[Result "1/2-1/2"]
[WhiteElo "515"]
[BlackElo "1862"]
[PlyCount "44"]
[EventDate "2007.08.19"]
[EventType "swiss"]
[EventRounds "9"]
[EventCountry "ROU"]
[SourceTitle "EXT 2010"]
[Source "ChessBase"]
[SourceDate "2010.11.25"]
[SourceVersion "1"]
[SourceVersionDate "2010.11.25"]
[SourceQuality "1"]

1. d4 Nf6 2. c4 e6 3. Nc3 d5 4. Nf3 c5 5. cxd5 exd5 6. Bg5 Be6 7. e3 Nbd7 8. Bb5 Be7 9. dxc5 0-0 10. 0-0 Nxc5 11. Nd4 h6 12. Bh4 a6 13. Be2 Nfe4 14. Bxe7 Qxe7 15. Rc1 Nxc3 16. Rxc3 Ne4 17. Rc1 Rac8 18. Bf3 Rxc1 19. Qxc1 Rc8 20. Qd1 Nf6 21. Qd2 Qc5 22. h3 Qc4 1/2-1/2